[Event "DEM U12 2023"]
[Site "Willingen GER"]
[Date "2023.05.28"]
[Round "1"]
[White "Mukazhanov, Mansur"]
[Black "Sarian, David"]
[Result "1-0"]
[Termination "normal"]
[Board "20"]
[WhiteElo "1563"]
[BlackElo "1480"]
[WhiteClock "01:14:26"]
[BlackClock "01:00:03"]
[PlyCount "137"]
[WhiteFideId "13752324"]
[BlackFideId "34660275"]
[EventCountry "GER"]
[EventRounds "9"]
[EventType "swiss"]
[EventDate "2023.05.27"]

1. e4 {[%clk 01:30:55]  [%emt 00:00:05]} 1... e6 {[%clk 01:30:54]  [%emt
00:00:06]} 2. d4 {[%clk 01:30:42]  [%emt 00:00:42]} 2... d5 {[%clk 01:31:19] 
[%emt 00:00:05]} 3. e5 {[%clk 01:29:32]  [%emt 00:01:41]} 3... c5 {[%clk
01:31:41]  [%emt 00:00:07]} 4. c3 {[%clk 01:29:58]  [%emt 00:00:04]} 4... Nc6
{[%clk 01:32:01]  [%emt 00:00:11]} 5. Nf3 {[%clk 01:28:52]  [%emt 00:01:35]}
5... a6 {[%clk 01:31:19]  [%emt 00:01:14]} 6. Bd3 {[%clk 01:28:21]  [%emt
00:01:00]} 6... Bd7 {[%clk 01:30:48]  [%emt 00:01:00]} 7. a3 {[%clk 01:25:44] 
[%emt 00:03:06]} 7... c4 {[%clk 01:30:57]  [%emt 00:00:22]} 8. Bc2 {[%clk
01:26:03]  [%emt 00:00:11]} 8... Nge7 {[%clk 01:30:25]  [%emt 00:01:01]} 9.
Nbd2 {[%clk 01:26:18]  [%emt 00:00:15]} 9... g6 {[%clk 01:29:31]  [%emt
00:01:25]} 10. b4 {[%clk 01:26:35]  [%emt 00:00:13]} 10... b5 {[%clk 01:29:47] 
[%emt 00:00:13]} 11. Nf1 {[%clk 01:26:21]  [%emt 00:00:45]} 11... Bg7 {[%clk
01:29:24]  [%emt 00:00:53]} 12. Ne3 {[%clk 01:26:32]  [%emt 00:00:19]} 12...
Nf5 {[%clk 01:29:41]  [%emt 00:00:13]} 13. Ng4 {[%clk 01:26:34]  [%emt
00:00:28]} 13... h6 {[%clk 01:24:20]  [%emt 00:05:50]} 14. Ne3 {[%clk 01:25:39]
 [%emt 00:01:25]} 14... Qe7 {[%clk 01:22:10]  [%emt 00:02:40]} 15. a4 {[%clk
01:23:56]  [%emt 00:02:13]} 15... Na7 {[%clk 01:21:52]  [%emt 00:00:48]} 16. a5
{[%clk 01:21:17]  [%emt 00:03:10]} 16... Nc6 {[%clk 01:21:48]  [%emt 00:00:33]}
17. Nf1 {[%clk 01:21:27]  [%emt 00:00:20]} 17... O-O-O {[%clk 01:18:08]  [%emt
00:04:10]} 18. h4 {[%clk 01:20:30]  [%emt 00:01:27]} 18... h5 {[%clk 01:16:48] 
[%emt 00:01:50]} 19. Bd2 {[%clk 01:19:38]  [%emt 00:01:22]} 19... Rdf8 {[%clk
01:17:01]  [%emt 00:00:16]} 20. Qe2 {[%clk 01:19:37]  [%emt 00:00:32]} 20... f6
{[%clk 01:17:04]  [%emt 00:00:27]} 21. O-O-O {[%clk 01:19:12]  [%emt 00:00:54]}
21... fxe5 {[%clk 01:17:00]  [%emt 00:00:35]} 22. Nxe5 {[%clk 01:19:34]  [%emt
00:00:07]} 22... Nxe5 {[%clk 01:17:22]  [%emt 00:00:09]} 23. dxe5 {[%clk
01:19:58]  [%emt 00:00:06]} 23... Bc6 {[%clk 01:15:57]  [%emt 00:01:55]} 24.
Bxf5 {[%clk 01:18:37]  [%emt 00:01:51]} 24... Rxf5 {[%clk 01:15:46]  [%emt
00:00:41]} 25. f4 {[%clk 01:18:19]  [%emt 00:00:48]} 25... Bh6 {[%clk 01:15:35]
 [%emt 00:00:42]} 26. Ng3 {[%clk 01:14:57]  [%emt 00:03:52]} 26... Rf7 {[%clk
01:15:44]  [%emt 00:00:19]} 27. Qf2 {[%clk 01:15:09]  [%emt 00:00:19]} 27...
Rhf8 {[%clk 01:15:43]  [%emt 00:00:30]} 28. Ne2 {[%clk 01:15:12]  [%emt
00:00:27]} 28... Qb7 {[%clk 01:10:34]  [%emt 00:05:39]} 29. Rhg1 {[%clk
01:14:31]  [%emt 00:01:11]} 29... Bg7 {[%clk 01:09:49]  [%emt 00:01:15]} 30.
Qc5 {[%clk 01:14:37]  [%emt 00:00:25]} 30... Rc7 {[%clk 01:08:33]  [%emt
00:01:45]} 31. Nd4 {[%clk 01:14:05]  [%emt 00:01:03]} 31... Re8 {[%clk
01:03:25]  [%emt 00:05:38]} 32. Qb6 {[%clk 01:14:16]  [%emt 00:00:19]} 32...
Bd7 {[%clk 01:03:40]  [%emt 00:00:14]} 33. Qxb7+ {[%clk 01:14:15]  [%emt
00:00:29]} 33... Kxb7 {[%clk 01:03:57]  [%emt 00:00:15]} 34. g4 {[%clk
01:14:30]  [%emt 00:00:15]} 34... Bc8 {[%clk 01:01:49]  [%emt 00:02:38]} 35.
gxh5 {[%clk 01:14:44]  [%emt 00:00:17]} 35... gxh5 {[%clk 01:02:11]  [%emt
00:00:08]} 36. Rg6 {[%clk 01:14:50]  [%emt 00:00:23]} 36... Rf7 {[%clk
00:59:55]  [%emt 00:02:46]} 37. Rdg1 {[%clk 01:14:58]  [%emt 00:00:22]} 37...
Bf8 {[%clk 00:58:55]  [%emt 00:01:31]} 38. Be3 {[%clk 01:14:45]  [%emt
00:00:44]} 38... Ree7 {[%clk 00:58:21]  [%emt 00:01:03]} 39. f5 {[%clk
01:10:57]  [%emt 00:04:18]} 39... exf5 {[%clk 00:55:40]  [%emt 00:03:11]} 40.
Rb6+ {[%clk 01:11:20]  [%emt 00:00:07]} 40... Kc7 {[%clk 00:55:37]  [%emt
00:00:33]} 41. Rgg6 {[%clk 01:08:03]  [%emt 00:03:47]} 41... f4 {[%clk
00:54:31]  [%emt 00:01:36]} 42. Rgc6+ {[%clk 01:07:45]  [%emt 00:00:49]} 42...
Kd8 {[%clk 00:54:53]  [%emt 00:00:08]} 43. Rb8 {[%clk 01:08:00]  [%emt
00:00:14]} 43... Rc7 {[%clk 00:53:04]  [%emt 00:02:18]} 44. Ne6+ {[%clk
01:08:17]  [%emt 00:00:15]} 44... Kd7 {[%clk 00:53:27]  [%emt 00:00:06]} 45.
Rxc7+ {[%clk 01:08:38]  [%emt 00:00:09]} 45... Kxe6 {[%clk 00:53:50]  [%emt
00:00:07]} 46. Rb6+ {[%clk 01:08:46]  [%emt 00:00:23]} 46... Bd6 {[%clk
00:53:28]  [%emt 00:00:52]} 47. Rxd6+ {[%clk 01:08:32]  [%emt 00:00:43]} 47...
Kxe5 {[%clk 00:53:48]  [%emt 00:00:11]} 48. Rxf7 {[%clk 01:08:47]  [%emt
00:00:15]} 48... Kxd6 {[%clk 00:54:01]  [%emt 00:00:16]} 49. Bxf4+ {[%clk
01:09:08]  [%emt 00:00:09]} 49... Ke6 {[%clk 00:54:25]  [%emt 00:00:06]} 50.
Rh7 {[%clk 01:09:06]  [%emt 00:00:32]} 50... Kf5 {[%clk 00:54:44]  [%emt
00:00:12]} 51. Bg5 {[%clk 01:09:26]  [%emt 00:00:10]} 51... Kg4 {[%clk
00:54:54]  [%emt 00:00:20]} 52. Kd2 {[%clk 01:09:47]  [%emt 00:00:08]} 52...
Bf5 {[%clk 00:55:08]  [%emt 00:00:16]} 53. Rh6 {[%clk 01:10:06]  [%emt
00:00:12]} 53... Bc8 {[%clk 00:55:23]  [%emt 00:00:14]} 54. Ke3 {[%clk
01:10:27]  [%emt 00:00:09]} 54... Bb7 {[%clk 00:55:27]  [%emt 00:00:26]} 55.
Kd4 {[%clk 01:10:45]  [%emt 00:00:13]} 55... Bc8 {[%clk 00:55:26]  [%emt
00:00:30]} 56. Ke5 {[%clk 01:11:07]  [%emt 00:00:08]} 56... Bb7 {[%clk
00:55:46]  [%emt 00:00:10]} 57. Rh8 {[%clk 01:11:20]  [%emt 00:00:17]} 57...
Bc6 {[%clk 00:56:06]  [%emt 00:00:10]} 58. Kd6 {[%clk 01:11:38]  [%emt
00:00:13]} 58... d4 {[%clk 00:56:25]  [%emt 00:00:11]} 59. Kxc6 {[%clk
01:11:47]  [%emt 00:00:21]} 59... dxc3 {[%clk 00:56:44]  [%emt 00:00:10]} 60.
Kb6 {[%clk 01:11:54]  [%emt 00:00:22]} 60... c2 {[%clk 00:57:09]  [%emt
00:00:06]} 61. Kxa6 {[%clk 01:12:19]  [%emt 00:00:04]} 61... c1=Q {[%emt
00:00:14]} 62. Bxc1 {[%clk 01:12:41]  [%emt 00:00:07]} 62... Kxh4 {[%clk
00:57:54]  [%emt 00:00:03]} 63. Kxb5 {[%clk 01:12:45]  [%emt 00:00:26]} 63...
c3 {[%clk 00:58:13]  [%emt 00:00:12]} 64. a6 {[%clk 01:13:11]  [%emt 00:00:04]}
64... Kg4 {[%clk 00:58:33]  [%emt 00:00:09]} 65. a7 {[%clk 01:13:38]  [%emt
00:00:04]} 65... h4 {[%clk 00:58:57]  [%emt 00:00:05]} 66. a8=Q {[%clk
01:13:49]  [%emt 00:00:19]} 66... h3 {[%clk 00:59:22]  [%emt 00:00:04]} 67.
Qe4+ {[%clk 01:13:55]  [%emt 00:00:25]} 67... Kg3 {[%clk 00:59:44]  [%emt
00:00:09]} 68. Rg8+ {[%clk 01:14:15]  [%emt 00:00:10]} 68... Kf2 {[%clk
01:00:03]  [%emt 00:00:10]} 69. Qe3+ {[%clk 01:14:26]  [%emt 00:00:20]} 1-0

[Event "DEM U12 2023"]
[Site "Willingen GER"]
[Date "2023.05.28"]
[Round "1"]
[White "Gavrylyuk, Oleksandr"]
[Black "Lee, Ho In"]
[Result "0-1"]
[Termination "normal"]
[Board "21"]
[WhiteElo "1226"]
[BlackElo "1492"]
[WhiteClock "00:59:29"]
[BlackClock "01:12:05"]
[PlyCount "48"]
[WhiteFideId "34609083"]
[BlackFideId "34623655"]
[EventCountry "GER"]
[EventRounds "9"]
[EventType "swiss"]
[EventDate "2023.05.27"]

1. e4 {[%clk 01:30:56]  [%emt 00:00:03]} 1... c5 {[%clk 01:30:57]  [%emt
00:00:04]} 2. Nf3 {[%clk 01:31:21]  [%emt 00:00:05]} 2... d6 {[%clk 01:31:24] 
[%emt 00:00:04]} 3. d4 {[%clk 01:31:46]  [%emt 00:00:05]} 3... cxd4 {[%clk
01:31:50]  [%emt 00:00:04]} 4. Nxd4 {[%clk 01:32:10]  [%emt 00:00:05]} 4... Nf6
{[%clk 01:32:16]  [%emt 00:00:04]} 5. Nc3 {[%clk 01:32:36]  [%emt 00:00:04]}
5... g6 {[%clk 01:32:38]  [%emt 00:00:09]} 6. Be3 {[%clk 01:32:05]  [%emt
00:01:01]} 6... Bg7 {[%clk 01:33:01]  [%emt 00:00:07]} 7. f3 {[%clk 01:32:01] 
[%emt 00:00:34]} 7... Nc6 {[%clk 01:33:23]  [%emt 00:00:08]} 8. Bb5 {[%clk
01:30:57]  [%emt 00:01:33]} 8... Bd7 {[%clk 01:33:43]  [%emt 00:00:11]} 9. Qd2
{[%clk 01:29:59]  [%emt 00:01:28]} 9... a6 {[%clk 01:30:36]  [%emt 00:03:37]}
10. Nxc6 {[%clk 01:29:21]  [%emt 00:01:07]} 10... Bxc6 {[%clk 01:27:03]  [%emt
00:04:04]} 11. Bxc6+ {[%clk 01:28:30]  [%emt 00:01:21]} 11... bxc6 {[%clk
01:27:29]  [%emt 00:00:04]} 12. h4 {[%clk 01:25:31]  [%emt 00:03:28]} 12... h5
{[%clk 01:22:48]  [%emt 00:05:11]} 13. Ne2 {[%clk 01:21:41]  [%emt 00:04:20]}
13... Rb8 {[%clk 01:20:57]  [%emt 00:02:20]} 14. c3 {[%clk 01:19:55]  [%emt
00:02:17]} 14... Qd7 {[%clk 01:19:40]  [%emt 00:01:47]} 15. Nd4 {[%clk
01:18:28]  [%emt 00:01:56]} 15... c5 {[%clk 01:18:58]  [%emt 00:01:12]} 16. Nb3
{[%clk 01:18:20]  [%emt 00:00:38]} 16... Qb5 {[%clk 01:19:06]  [%emt 00:00:22]}
17. O-O-O {[%clk 01:17:27]  [%emt 00:01:24]} 17... a5 {[%clk 01:19:13]  [%emt
00:00:23]} 18. Kb1 {[%clk 01:15:04]  [%emt 00:02:53]} 18... a4 {[%clk 01:17:06]
 [%emt 00:02:38]} 19. Na1 {[%clk 01:14:59]  [%emt 00:00:33]} 19... O-O {[%clk
01:15:31]  [%emt 00:02:05]} 20. Rdf1 {[%clk 01:10:19]  [%emt 00:05:07]} 20...
Rb7 {[%clk 01:15:47]  [%emt 00:00:19]} 21. Rf2 {[%clk 01:10:13]  [%emt
00:00:35]} 21... Rfb8 {[%clk 01:14:56]  [%emt 00:01:21]} 22. Rh2 {[%clk
01:08:03]  [%emt 00:02:40]} 22... Qc4 {[%clk 01:12:55]  [%emt 00:02:31]} 23. e5
{[%clk 01:03:26]  [%emt 00:05:07]} 23... Nd5 {[%clk 01:12:05]  [%emt 00:01:20]}
24. Kc1 {[%clk 00:59:29]  [%emt 00:04:27]} 24... Qxa2 {[%clk 01:12:05]  [%emt
00:00:31]} 0-1

[Event "DEM U12 2023"]
[Site "Willingen GER"]
[Date "2023.05.28"]
[Round "1"]
[White "Schmitz, Constantin"]
[Black "Charchulla, Moritz"]
[Result "1/2-1/2"]
[Termination "normal"]
[Board "22"]
[WhiteElo "1577"]
[BlackElo "1063"]
[WhiteClock "00:35:30"]
[BlackClock "00:52:27"]
[PlyCount "79"]
[WhiteFideId "16274660"]
[BlackFideId "34607579"]
[EventCountry "GER"]
[EventRounds "9"]
[EventType "swiss"]
[EventDate "2023.05.27"]

1. d4 {[%clk 01:30:52]  [%emt 00:00:07]} 1... Nf6 {[%clk 01:30:53]  [%emt
00:00:08]} 2. c4 {[%clk 01:30:51]  [%emt 00:00:30]} 2... e6 {[%clk 01:31:15] 
[%emt 00:00:08]} 3. Nc3 {[%clk 01:30:55]  [%emt 00:00:26]} 3... d5 {[%clk
01:31:30]  [%emt 00:00:15]} 4. Nf3 {[%clk 01:31:09]  [%emt 00:00:15]} 4... Nbd7
{[%clk 01:31:04]  [%emt 00:00:57]} 5. Bf4 {[%clk 01:30:53]  [%emt 00:00:47]}
5... c6 {[%clk 01:30:44]  [%emt 00:00:50]} 6. e3 {[%clk 01:30:24]  [%emt
00:00:59]} 6... Bb4 {[%clk 01:30:33]  [%emt 00:00:41]} 7. Qc2 {[%clk 01:29:16] 
[%emt 00:01:38]} 7... O-O {[%clk 01:30:34]  [%emt 00:00:29]} 8. c5 {[%clk
01:29:08]  [%emt 00:00:38]} 8... Ne4 {[%clk 01:25:56]  [%emt 00:05:08]} 9. Bd3
{[%clk 01:28:51]  [%emt 00:00:48]} 9... Ndf6 {[%clk 01:24:36]  [%emt 00:01:50]}
10. O-O {[%clk 01:28:21]  [%emt 00:01:00]} 10... Nxc3 {[%clk 01:24:16]  [%emt
00:00:51]} 11. bxc3 {[%clk 01:28:31]  [%emt 00:00:18]} 11... Ba5 {[%clk
01:24:37]  [%emt 00:00:10]} 12. c4 {[%clk 01:25:27]  [%emt 00:03:34]} 12... h6
{[%clk 01:20:12]  [%emt 00:04:55]} 13. Bd6 {[%clk 01:20:18]  [%emt 00:05:40]}
13... Re8 {[%clk 01:20:01]  [%emt 00:00:40]} 14. Ne5 {[%clk 01:20:02]  [%emt
00:00:46]} 14... Bc7 {[%clk 01:19:11]  [%emt 00:01:21]} 15. Bxc7 {[%clk
01:16:42]  [%emt 00:03:50]} 15... Qxc7 {[%clk 01:17:49]  [%emt 00:01:51]} 16.
Rab1 {[%clk 01:10:51]  [%emt 00:06:21]} 16... b6 {[%clk 01:14:01]  [%emt
00:04:18]} 17. cxb6 {[%clk 01:09:08]  [%emt 00:02:13]} 17... axb6 {[%clk
01:13:37]  [%emt 00:00:54]} 18. cxd5 {[%clk 01:09:06]  [%emt 00:00:33]} 18...
Nxd5 {[%clk 01:12:50]  [%emt 00:01:17]} 19. e4 {[%clk 01:07:38]  [%emt
00:01:58]} 19... Nf4 {[%clk 01:12:24]  [%emt 00:00:55]} 20. Rfc1 {[%clk
01:06:06]  [%emt 00:02:02]} 20... Nxd3 21. Qxd3 {[%clk 01:05:09]} 21... c5
{[%clk 01:11:22]  [%emt 00:01:22]} 22. Qc2 {[%clk 00:55:56]  [%emt 00:09:43]}
22... Qd6 {[%clk 01:08:09]  [%emt 00:03:42]} 23. Nc4 {[%clk 00:55:45]  [%emt
00:00:41]} 23... Qxd4 {[%clk 01:07:42]  [%emt 00:00:58]} 24. Nxb6 {[%clk
00:56:10]  [%emt 00:00:05]} 24... Ra5 {[%clk 01:07:10]  [%emt 00:01:02]} 25.
Rd1 {[%clk 00:53:41]  [%emt 00:02:58]} 25... Qf6 {[%clk 01:04:21]  [%emt
00:03:18]} 26. Rb3 {[%clk 00:51:01]  [%emt 00:03:06]} 26... Rd8 {[%clk
00:56:52]  [%emt 00:08:04]} 27. Nxc8 {[%clk 00:50:06]  [%emt 00:01:25]} 27...
Rxc8 {[%clk 00:57:08]  [%emt 00:00:14]} 28. Rf3 {[%clk 00:50:29]  [%emt
00:00:07]} 28... Qe7 {[%clk 00:55:44]  [%emt 00:01:54]} 29. Rg3 {[%clk
00:46:23]  [%emt 00:04:36]} 29... Rca8 {[%clk 00:54:49]  [%emt 00:01:25]} 30.
Qb2 {[%clk 00:45:11]  [%emt 00:01:42]} 30... e5 {[%clk 00:54:59]  [%emt
00:00:20]} 31. a3 {[%clk 00:45:32]  [%emt 00:00:09]} 31... c4 {[%clk 00:55:02] 
[%emt 00:00:27]} 32. Ra1 {[%clk 00:44:17]  [%emt 00:01:44]} 32... Qd6 {[%clk
00:53:42]  [%emt 00:01:49]} 33. h3 {[%clk 00:43:40]  [%emt 00:01:07]} 33... Qd4
{[%clk 00:53:44]  [%emt 00:00:29]} 34. Qc1 {[%clk 00:43:17]  [%emt 00:00:52]}
34... R5a6 {[%clk 00:53:16]  [%emt 00:00:58]} 35. Qe1 {[%clk 00:43:20]  [%emt
00:00:27]} 35... Qb2 {[%clk 00:52:35]  [%emt 00:01:12]} 36. Rb1 {[%clk
00:39:01]  [%emt 00:04:49]} 36... Qa2 {[%clk 00:51:17]  [%emt 00:01:47]} 37.
Ra1 {[%clk 00:37:28]  [%emt 00:02:04]} 37... Qb2 {[%clk 00:51:39]  [%emt
00:00:07]} 38. Rb1 {[%clk 00:35:51]  [%emt 00:02:08]} 38... Qa2 {[%clk
00:52:03]  [%emt 00:00:06]} 39. Ra1 {[%clk 00:35:04]  [%emt 00:01:17]} 39...
Qb2 {[%clk 00:52:27]  [%emt 00:00:06]} 40. Rb1 {[%clk 00:35:30]  [%emt
00:00:04]} 1/2-1/2

[Event "DEM U12 2023"]
[Site "Willingen GER"]
[Date "2023.05.28"]
[Round "1"]
[White "Lupei, Denis"]
[Black "Stehning, Toni"]
[Result "0-1"]
[Termination "normal"]
[Board "23"]
[WhiteElo "1374"]
[BlackElo "1499"]
[WhiteClock "00:16:24"]
[BlackClock "00:57:00"]
[PlyCount "110"]
[WhiteFideId "34611231"]
[BlackFideId "34623477"]
[EventCountry "GER"]
[EventRounds "9"]
[EventType "swiss"]
[EventDate "2023.05.27"]

1. e4 {[%clk 01:30:50]  [%emt 00:00:09]} 1... e5 {[%clk 01:30:53]  [%emt
00:00:07]} 2. Nf3 {[%clk 01:31:12]  [%emt 00:00:09]} 2... Nc6 {[%clk 01:31:13] 
[%emt 00:00:09]} 3. Bc4 {[%clk 01:31:29]  [%emt 00:00:13]} 3... Nf6 {[%clk
01:31:32]  [%emt 00:00:10]} 4. d3 {[%clk 01:31:27]  [%emt 00:00:33]} 4... Bc5
{[%clk 01:31:13]  [%emt 00:00:49]} 5. c3 {[%clk 01:31:32]  [%emt 00:00:25]}
5... d6 {[%clk 01:31:17]  [%emt 00:00:26]} 6. a4 {[%emt 00:05:40]} 6... a6
{[%clk 01:31:07]  [%emt 00:00:26]} 7. h3 {[%clk 01:25:49]  [%emt 00:01:17]}
7... O-O {[%clk 01:31:19]  [%emt 00:00:19]} 8. O-O {[%clk 01:26:00]  [%emt
00:00:18]} 8... Ba7 {[%clk 01:31:01]  [%emt 00:00:48]} 9. Re1 {[%clk 01:24:56] 
[%emt 00:01:35]} 9... Ne7 {[%clk 01:31:15]  [%emt 00:00:16]} 10. Nbd2 {[%clk
01:22:43]  [%emt 00:02:42]} 10... Ng6 {[%clk 01:31:16]  [%emt 00:00:29]} 11.
Nf1 {[%clk 01:22:18]  [%emt 00:00:55]} 11... c6 {[%clk 01:31:16]  [%emt
00:00:30]} 12. Bg5 {[%clk 01:19:14]  [%emt 00:03:34]} 12... h6 {[%clk 01:30:41]
 [%emt 00:01:04]} 13. Bxf6 {[%clk 01:15:27]  [%emt 00:04:16]} 13... Qxf6 {[%clk
01:30:04]  [%emt 00:01:08]} 14. d4 {[%clk 01:13:58]  [%emt 00:01:59]} 14... Nf4
{[%clk 01:29:08]  [%emt 00:01:25]} 15. Ng3 {[%clk 01:12:37]  [%emt 00:01:51]}
15... Be6 {[%clk 01:25:38]  [%emt 00:04:01]} 16. Bxe6 {[%emt 00:02:03]} 16...
fxe6 {[%clk 01:25:03]  [%emt 00:00:54]} 17. Kh2 {[%clk 01:03:54]  [%emt
00:07:49]} 17... Rad8 {[%clk 01:22:53]  [%emt 00:02:40]} 18. Rc1 {[%clk
00:55:41]  [%emt 00:08:42]} 18... exd4 {[%clk 01:19:55]  [%emt 00:03:29]} 19.
cxd4 {[%clk 00:52:57]  [%emt 00:03:14]} 19... e5 {[%clk 01:20:12]  [%emt
00:00:14]} 20. Qb3+ {[%clk 00:50:17]  [%emt 00:03:09]} 20... Kh8 {[%clk
01:19:35]  [%emt 00:01:07]} 21. Nf5 {[%clk 00:41:05]  [%emt 00:09:42]} 21...
Bxd4 {[%clk 01:17:22]  [%emt 00:02:44]} 22. N3xd4 {[%clk 00:38:19]  [%emt
00:03:48]} 22... exd4 {[%clk 01:17:54]  [%emt 00:00:27]} 23. g3 {[%clk
00:37:31]  [%emt 00:01:17]} 23... Nh5 {[%clk 01:14:54]  [%emt 00:03:27]} 24.
Qd1 {[%clk 00:35:43]  [%emt 00:02:21]} 24... g6 {[%clk 01:14:54]  [%emt
00:00:32]} 25. f4 {[%clk 00:32:29]  [%emt 00:03:43]} 25... d3 {[%clk 01:09:32] 
[%emt 00:05:51]} 26. Rc3 {[%clk 00:22:51]  [%emt 00:10:08]} 26... d2 {[%clk
01:08:26]  [%emt 00:01:37]} 27. Rf1 {[%clk 00:21:47]  [%emt 00:01:33]} 27...
gxf5 {[%clk 01:07:30]  [%emt 00:01:26]} 28. Qxh5 {[%clk 00:21:36]  [%emt
00:00:41]} 28... fxe4 {[%clk 01:06:58]  [%emt 00:01:03]} 29. g4 {[%clk
00:20:18]  [%emt 00:01:48]} 29... d1=Q {[%clk 01:05:29]  [%emt 00:02:00]} 30.
Rxd1 {[%clk 00:20:27]  [%emt 00:00:21]} 30... Qxf4+ {[%clk 01:05:53]  [%emt
00:00:06]} 31. Kh1 {[%clk 00:20:14]  [%emt 00:00:42]} 31... e3 {[%clk 01:04:31]
 [%emt 00:01:53]} 32. Rg1 {[%clk 00:19:27]  [%emt 00:01:16]} 32... Qe4+ {[%clk
01:03:29]  [%emt 00:01:33]} 33. Kh2 {[%clk 00:19:28]  [%emt 00:00:29]} 33...
Rf2+ {[%clk 01:02:51]  [%emt 00:01:09]} 34. Kg3 {[%clk 00:19:33]  [%emt
00:00:25]} 34... Qf4+ {[%clk 01:02:35]  [%emt 00:00:46]} 35. Kh4 {[%clk
00:19:44]  [%emt 00:00:18]} 35... Rf3 {[%clk 01:00:54]  [%emt 00:02:11]} 36.
Rc4 {[%clk 00:17:51]  [%emt 00:02:22]} 36... Qg5+ {[%clk 00:56:55]  [%emt
00:04:29]} 37. Qxg5 {[%clk 00:18:10]  [%emt 00:00:12]} 37... hxg5+ {[%clk
00:57:22]  [%emt 00:00:04]} 38. Kxg5 {[%clk 00:18:21]  [%emt 00:00:18]} 38...
e2 {[%clk 00:56:16]  [%emt 00:01:36]} 39. h4 {[%clk 00:17:16]  [%emt 00:01:35]}
39... Rf1 {[%clk 00:56:27]  [%emt 00:00:19]} 40. Rc1 {[%clk 00:17:34]  [%emt
00:00:11]} 40... Rdf8 {[%clk 00:56:24]  [%emt 00:00:34]} 41. Rg2 {[%clk
00:15:36]  [%emt 00:02:28]} 41... e1=Q {[%clk 00:56:04]  [%emt 00:00:50]} 42.
Rxe1 {[%clk 00:15:57]  [%emt 00:00:09]} 42... Rxe1 {[%clk 00:56:29]  [%emt
00:00:06]} 43. h5 {[%clk 00:14:55]  [%emt 00:01:32]} 43... d5 {[%clk 00:56:14] 
[%emt 00:00:45]} 44. Kh6 {[%clk 00:15:06]  [%emt 00:00:18]} 44... Re6+ {[%clk
00:55:50]  [%emt 00:00:56]} 45. Kg5 {[%clk 00:15:28]  [%emt 00:00:08]} 45... d4
{[%clk 00:56:08]  [%emt 00:00:12]} 46. Kh4 {[%clk 00:15:36]  [%emt 00:00:21]}
46... d3 {[%clk 00:56:22]  [%emt 00:00:16]} 47. Rd2 {[%clk 00:15:44]  [%emt
00:00:22]} 47... Re3 {[%clk 00:56:44]  [%emt 00:00:08]} 48. h6 {[%clk 00:15:54]
 [%emt 00:00:20]} 48... Kh7 {[%clk 00:56:48]  [%emt 00:00:26]} 49. Kh5 {[%clk
00:16:07]  [%emt 00:00:16]} 49... Rd8 {[%clk 00:56:13]  [%emt 00:01:06]} 50. g5
{[%clk 00:16:14]  [%emt 00:00:23]} 50... Rd5 {[%clk 00:56:16]  [%emt 00:00:26]}
51. Kh4 {[%clk 00:16:16]  [%emt 00:00:28]} 51... Re2 {[%clk 00:56:29]  [%emt
00:00:18]} 52. Rd1 {[%clk 00:16:10]  [%emt 00:00:36]} 52... d2 {[%clk 00:56:23]
 [%emt 00:00:36]} 53. Rg1 {[%clk 00:16:06]  [%emt 00:00:34]} 53... Rh2+ {[%clk
00:56:19]  [%emt 00:00:35]} 54. Kg3 {[%clk 00:16:17]  [%emt 00:00:18]} 54...
Rxg5+ {[%clk 00:56:34]  [%emt 00:00:15]} 55. Kxh2 {[%clk 00:16:24]  [%emt
00:00:23]} 55... Rxg1 {[%clk 00:57:00]  [%emt 00:00:05]} 0-1